Phasmophobia - Statistiques

Statistiques générales
  • Ce quiz a été pris 329 fois
  • Le résultat moyen est 21 sur 24
Statistiques - réponses
Attaque Entité Comportement % Correct
100% - 70% Démon Entité de l'attaque
97%
50% Spectre Entité anti-sel
94%
50% Fantôme Entité anti-photo
93%
50% Banshee Entité des chants et cris
92%
50% Poltergeist Entité des objets lancés
92%
50% Mimic Entité à 4 preuves
89%
60% ou 40% Cauchemar Entité du noir ou de la lumière
88%
50% Jumeaux Entité des doubles interactions (2 vitesse)
88%
50% Hantu Entité du froid (plus rapide avec le froid)
85%
50% Obake Entité à 6 doigts
85%
60% Onryo Entité du feu
85%
75% - 15% Thayé Entité de la vieillesse
85%
50% Yurei Entité de la fermeture des portes
85%
40% Deogen Entité de la proximité (anti-cachette)
84%
50% Djinn Entité de la lumière (rapide avec disjoncteur ON)
84%
50% Esprit Entité anti-encens (180s)
84%
80% Yokai Entité du bruit
84%
50% Goryo Entité des DOTS (hors pièce)
83%
35% Ombre Entité de la discrétion
83%
65% Raiju Entité de l'électronique (chasse rapide)
83%
50% Revenant Entité de la vitesse en chasse (rapide/très lent)
83%
50% Moroï Entité de la malédiction (santé basse = rapide)
81%
50% Oni Entité des évènements
77%
50% Myling Entité des sons paranormaux
71%
Aucun quiz correspondant
Distribution des résultats
% des personnes avec chaque résultat
Percentile par nombre de réponses
Votre historique - résultats
Vous n’avez pas pris ce quiz